| 000 | 00603nam a2200241Ia 4500 | ||
|---|---|---|---|
| 003 | 0100 | ||
| 008 | 130303s9999 xx 000 0 und d | ||
| 020 | _a435074326 | ||
| 040 | _cARRUPELIB | ||
| 050 | _aPR9381.9.N45Z562 1997 | ||
| 100 | _aCook, David, 1929- | ||
| 245 | _aNgugi wa Thiong'o | ||
| 245 | _ban exploration of hi writings | ||
| 250 | _a2nd | ||
| 260 | _aOxford | ||
| 260 | _bHeinemann | ||
| 260 | _C1997 | ||
| 300 | _avii | ||
| 300 | _b 283p. 23cm. | ||
| 650 | _bBible O T -Language, Style | ||
| 700 | _aDavid Cook and Michael Okenimkpe , Okenimkpe, Michael | ||
| 942 | 0 | 0 | _06 |
| 999 |
_c13695 _d13695 |
||